000 00865cab a2200313 4500
001 ABS48835
008 090401t1993 xxu||||| |||| 00| 0 eng d
035 _a(Sirsi) u68729
041 _aeng
100 _aTaylor, P.
245 _aConsultation or complication?
260 _c1993
350 _a0
490 _aEstates Times
_v(1193) 11 June 1993, 8(1)
520 _aComments on the DoE consultation paper on upwards-only rent reviews.
650 _aBUSINESS TENANCIES
650 _aCONFIDENTIALITY CLAUSES
650 _aCONSULTATION PAPERS
650 _aDISPUTE RESOLUTION
_96236
650 _aINSTITUTIONAL LEASES
650 _aLEASES
650 _aREFORM
650 _aRENT REVIEWS
650 _aUPWARD ONLY RENT REVIEWS
690 _aLANDLORD AND TENANT-BUSINESS TENANCIES
700 _aCorke, S.
942 _n0
948 _c04/03/1997
999 _c43131
_d43131